La Peste

Gorde:
Xehetasun bibliografikoak
Egile nagusia: Camus, Albert
Formatua: Liburua
Hizkuntza:Undetermined
Argitaratua: París, Francia Gallimard 1967
Gaiak:
Etiketak: Etiketa erantsi
Etiketarik gabe, Izan zaitez lehena erregistro honi etiketa jartzen!

MARC

LEADER 00000nam a2200000Ia 4500
008 170316s9999 xx 000 0 und d
040 |a cru BVZT 
090 |a 840 C-2p 
100 |a Camus, Albert 
245 |a La Peste 
260 |a París, Francia 
260 |b Gallimard 
260 |c 1967 
300 |a 247 páginas 
650 |a LITERATURA FRANCESA 
999 |c 7597  |d 7597 
942 |c 15 D  |h 840 C-2p  |2 z